000 00596nam a22001817a 4500
008 160805b xxu||||| |||| 00| 0 eng d
020 _a978-0-7593-9165-9
082 _22008
_aDC 658.8421
_bR54i
100 _912340
_aRoberts, Mary Lou
245 _aInternet marketing:
_bintegrating online and offline strategies/
_cMary Lou Roberts.
250 _a2nd edition
260 _aAustralia:
_bCengage,
_cc2008.
300 _axv,395 pages:
_billustrations;
_c28 cm.
500 _aIncludes glossary and index.
650 0 _912341
_aInternet marketing
365 _aPhp
_b6991.00
942 _2ddc
_cDC
999 _c3706
_d3706